Gaming Quiz

Random Gaming or Bands Quiz

Guitar Hero World Tour Songs Quiz Stats

 Plays Quiz Updated Dec 11, 2019

     
Support Sporcle.
Go Orange.
Score 0/84 Timer 10:00
2 Plays Today
Year Song % Correct
1982Beat It
68%
1980Crazy Train
63.7%
1977Hotel California
58.3%
1986Livin' on a Prayer
53.9%
1982Eye of the Tiger
47.5%
2001The Middle
47.5%
2005B.Y.O.B.
46.1%
1967Purple Haze
45.7%
1974Sweet Home Alabama
45.4%
1973The Joker
42.1%
1984Hot for Teacher
41.9%
1970American Woman
41.8%
1997Everlong
40.9%
2006The Kill
39.4%
2007What I've Done
38.9%
1998Freak on a Leash
38.7%
2004Float On
37.5%
2007Misery Business
36.8%
1997Dammit
36.5%
1980Mr. Crowley
36.2%
1987La Bamba
35.5%
1994About a Girl
34.4%
1993Are You Gonna Go My Way
34.3%
1973Band on the Run
32.7%
1987No Sleep Till Brooklyn
31.5%
1979Heartbreaker
31.1%
1984Rebel Yell
30.5%
1995Spiderwebs
30.1%
Year Song % Correct
1997Go Your Own Way
30%
1993Today
29.6%
1996Santeria
29.3%
1980On the Road Again
28.9%
1979One Way or Another
27.3%
2006Assassin
26.1%
2001Schism
25.5%
1967The Wind Cries Mary
24.9%
1984Trapped Under Ice
24.9%
2006Rooftops (A Liberation Broadcast)
24.7%
2000Shiver
23.9%
2007Scream Aim Fire
23.7%
1973Ramblin' Man
23.1%
2005Monsoon
22.9%
1987The One I Love
22.3%
2002Parabola
21.3%
1992Pull Me Under
20.7%
1988Mountain Song
20.6%
1972Do It Again
20%
1975Stranglehold
19.1%
1967Love Me Two Times
19%
1994Feel the Pain
19%
1987Satch Boogie
18.9%
2006Vicarious
18.2%
2005Demolition Man
17.9%
2008Re-Education (Through Labor)
17.6%
1995Some Might Say
17.4%
2008Overkill
17.3%
Year Song % Correct
2007Lazy Eye
17.1%
1997Beautiful Disaster
16.8%
1995Hey Man, Nice Shot
16.1%
1970Up Around the Bend
15.1%
1978Hollywood Nights
15%
2003Stillborn
14.7%
2006Our Truth
13.3%
2007Aggro
13%
2008Kick Out the Jams
12.7%
1980Antisocial
12.2%
2002Obstacle 1
12.2%
2007Good God
10.8%
2007Pretty Vacant
10.8%
2000One Armed Scissor
10.6%
2007Too Much, Too Young, Too Fast
10.3%
1987Love Removal Machine
10.2%
1992Soul Doubt
8.5%
1994Love Spreads
8.2%
1984Escuela de Calor
8.2%
2005You're Gonna Say Yeah
8.1%
1998Prisoner of Society
8%
2005L'Via L'Viaquez
7.5%
2007Weapon of Choice
6.8%
2005Never Too Late
6.4%
2008Hail to the Freaks
6.4%
2006Toy Boy
5.5%
2002VinterNoll2
5.4%
2006Nuvole E Lenzuola
3.2%

From the Vault

Los Angeles Clippers All-Time Leaders

by challie

Sports 8m
Has something about the Clippers been in the news lately? Anything?
Remove Ads.
Support Sporcle.
Get the best of Sporcle when you Go Orange. This ad-free experience offers more features, more stats, and more fun while also helping to support Sporcle. Thank you for becoming a member.

Show Comments

Extras

Top Quizzes Today


Score Distribution

Your Account Isn't Verified!

In order to create a playlist on Sporcle, you need to verify the email address you used during registration. Go to your Sporcle Settings to finish the process.

Report this User

Report this user for behavior that violates our Community Guidelines.

Details: